Statistics for WNBA Teams

Click here to take the quiz!

General Stats

  • This quiz has been taken 31 times
  • The average score is 8 of 12

Answer Stats

Answer% Correct
New York Liberty
92%
Las Vegas Aces
85%
Chicago Sky
77%
Minnesota Lynx
77%
Connecticut Sun
69%
Dallas Wings
69%
Seattle Storm
69%
Los Angeles Sparks
62%
Phoenix Mercury
62%
Washington Mystics
62%
Atlanta Dream
54%
Indiana Fever
54%

Score Distribution

Percentile by Number Answered

Percent of People with Each Score

Your Score History

You have not taken this quiz